|
|
|
|
| LEADER |
00000nam a2200000 a 4500 |
| 001 |
UCU3340 |
| 003 |
CL-VaPUC |
| 008 |
960510e19350000FR |||||||||||||||||fre|d |
| 082 |
0 |
4 |
|a 194
|b GUA
|2 21
|
| 100 |
0 |
|
|a Guardini, Romano
|e author
|9 341352
|
| 245 |
1 |
0 |
|a Pascal: ou le drame de la conscience chétienne
|
| 300 |
|
|
|a 237 p
|
| 942 |
|
|
|c BK
|
| 945 |
|
|
|d 19960510 00:00:00
|a rbrito
|
| 260 |
|
|
|a París
|b Seuil
|c 1935
|
| 650 |
|
0 |
|a Filosofía francesa
|9 255698
|
| 650 |
|
7 |
|a HUMANIDAAD
|2 CL-VaPUC
|9 360218
|
| 650 |
|
0 |
|a Dios
|9 266622
|
| 650 |
|
0 |
|a Religión
|9 255164
|
| 650 |
|
0 |
|a Cristianismo
|9 257361
|
| 583 |
|
|
|a last modification
|c 19960510 00:00:00
|k Rodrigo Vera
|
| 999 |
|
|
|c 247375
|d 247373
|
| 952 |
|
|
|0 0
|1 0
|4 0
|6 194_000000000000000_GUA_1935
|7 0
|8 P
|9 263263
|a BIBEDU
|b BIBEDU
|c BIBEDU_PB
|d 2019-11-19
|i 3126234
|o 194 GUA 1935
|p 3126234
|r 2024-01-25
|w 2019-11-19
|y BK
|k FIL
|